| 000 | 01015nam a22002177a 4500 | ||
|---|---|---|---|
| 005 | 20110218113613.0 | ||
| 010 | _aG-001219 | ||
| 020 |
_a8188031100 _c150.00 |
||
| 035 | _aG-001219 | ||
| 037 | _bमनीष प्रकाशन | ||
| 082 | _aक | ||
| 245 |
_a25 श्रेष्ठ बाल कहानियाँ / _cदीक्षा द्विवेदी द्वारा संपादित |
||
| 260 |
_aदिल्ली _bमनीष प्रकाशन _c2010 |
||
| 270 |
_aसी-8/174, यमुना विहार _bदिल्ली _e110053 |
||
| 300 |
_a144पृ. _c22सेमी(सजिल्द) _bसचित्र |
||
| 650 |
_a _934298 |
||
| 700 |
_aद्विवेदी, दीक्षा _926068 |
||
| 942 |
_2ddc _cCH _hक _mपच्चीस |
||
| 999 |
_c50644 _d50644 |
||